Statistics for Unscramble Bible Names

Click here to take the quiz!

General Stats

  • This quiz has been taken 162 times
  • The average score is 7 of 15

Answer Stats

Scrambled Answer % Correct
hurtRuth
95%
madaAdam
70%
hmaabarAbraham
56%
twehatmMatthew
55%
mreihejaJeremiah
51%
rehestEsther
49%
aashrSarah
47%
sttuiTitus
47%
odhreHerod
45%
kleezaiEzekial
43%
ihamlacMalachi
40%
bhendcuenazrazNebuchadnezzar
39%
ssliaSilas
38%
HbahtbaesBathsheba
34%
rficuleLucifer
31%

Score Distribution

Percentile by Number Answered

Percent of People with Each Score

Your Score History

You have not taken this quiz